MARC
| LEADER | 00000cam a2200000 7i4500 | ||
|---|---|---|---|
| 001 | 0000012001 | ||
| 002 | 000013086 | ||
| 005 | 20000330.0 | ||
| 020 | |a 9835001022 | ||
| 090 | 0 | 0 | |a 330 |b CHE |
| 100 | 1 | |a Che'Ros Zainol | |
| 245 | 1 | 0 | |a Model jawapan SPM Ekonomi Asas KBSM |c Che'Ros Zainol |
| 999 | |a 045766 |b BUKU |c PINJAMAN |e PERPUSTAKAAN KOMUNITI CAW KOTA DAMANSARA | ||
| 999 | |a 045767 |b BUKU |c PINJAMAN |e PERPUSTAKAAN KOMUNITI CAW KOTA DAMANSARA | ||